000 00876cad a22002535a 4500
001 L158874
008 121219e2015 xxk 000 0 eng d
035 _a(Sirsi) u158874
041 0 _aeng
100 1 _aStapleton, Iris-Ann
245 0 0 _aNew lease of life
_h[electronic resource]
260 _c2015
490 _aRICS Property Journal
_vSeptember-October 2015, 42-43(2)
520 _aLooks at the issues connected with extending a lease.
650 2 4 _aLEASEHOLD ADVISORY SERVICE
650 2 4 _aLEASEHOLD ENFRANCHISEMENT
650 2 4 _aSECTION 42 NOTICES
650 2 4 _aLEASE EXTENSION
651 4 _aUnited Kingdom
_y
690 _aLandlord and tenant
_96252
710 _aRoyal Institution of Chartered Surveyors
_94900
856 4 0 _uhttps://www.rics.org/uk/news/journals/property-journal
_zView the journal free of charge at www.rics.org/journals...
942 _n0
999 _c84720
_d84720